| 000 | 00808 a2200241 4500 | ||
|---|---|---|---|
| 020 | _a007084352X | ||
| 082 | 0 | 0 | _a621.815 |
| 090 |
_c4580 _d4580 |
||
| 100 | 1 | _aHall, Allen Strickland. | |
| 245 | 1 | 0 |
_aSchaum's outline of theory and problems of machine design / _cby Allen S. Hall, Jr., Alfred R. Holowenko, Herman G. Laughlin ; adapted and converted to SI units by P.C. Hills and M.D. Bennett. |
| 250 | _aSI (metric) ed. | ||
| 260 |
_aNew Delhi : _bTata McGraw-Hill, _cc1980. |
||
| 300 |
_a344 p. : _bill. ; _c28 cm. |
||
| 490 | 0 | _aSchaum's outline series | |
| 500 | _aIncludes index. | ||
| 650 | 0 | _aMachine design. | |
| 700 | 1 | _aHolowenko, Alfred R. | |
| 700 | 1 | _aLaughlin, Herman G. | |
| 700 | 1 | _aHills, P. C. | |
| 700 | 1 | _aBennett, M. D. | |
| 740 | 0 | _aMachine design. | |
| 942 |
_cBK _k621.815 HAL |
||
| 999 |
_c8469 _d8469 |
||